000 00735nam a2200205 a 4500
003 0
005 20250422142314.0
008 970114s19uu xx 00 eng d
050 _aPGS HQ 799.95
_b.M985 2003
100 _aMusa, Alison.
245 _aProblems that grade six students encountered with elders because of generation gap /
_cAlison Musa.
260 _aLas PiƱas City, Philippines :
_bSouthville International School and Colleges,
_c2003.
300 _a24 pages :
_billustrations ;
_c28 cm.
504 _aIncludes bibliographical references.
650 _aGeneration gap.
650 _aIntergenerational relations.
650 _aConflict of generations.
650 _aChildren
_vSocial conditions.
942 _2lcc
_cPASS
999 _c96897
_d96897